MARC details
| 000 -LEADER |
| fixed length control field |
00907nam a22002057a 4500 |
| 005 - DATE AND TIME OF LATEST TRANSACTION |
| control field |
20260304082652.0 |
| 008 - FIXED-LENGTH DATA ELEMENTS--GENERAL INFORMATION |
| fixed length control field |
240814b ||||| |||| 00| 0 eng d |
| 082 ## - DEWEY DECIMAL CLASSIFICATION NUMBER |
| Classification number |
DPer 155.205 J826 April-June 2020 v. 118 n. 4-6 |
| 100 ## - MAIN ENTRY--PERSONAL NAME |
| Personal name |
Montgomery, Nicole Votolato. |
| Relator term |
author. |
| 9 (RLIN) |
57545 |
| 245 ## - TITLE STATEMENT |
| Title |
How leader gender influences external audience response to organizational failures / |
| Statement of responsibility, etc. |
Nicole Votolato Montgomery and Amanda P. Cowen. |
| 260 ## - PUBLICATION, DISTRIBUTION, ETC. (IMPRINT) |
| Place of publication, distribution, etc. |
Washington ; |
| Name of publisher, distributor, etc. |
American Psychological Association , |
| Date of publication, distribution, etc. |
April 2020. |
| 300 ## - PHYSICAL DESCRIPTION |
| Extent |
Volume 118, pages 639-660 : |
| Other physical details |
illustration ; |
| Dimensions |
28 cm. |
| 500 ## - GENERAL NOTE |
| General note |
Journal of Personality and Social Psychology, vol. 118, no. 4, pages 639-660, April 2020. |
| 650 ## - SUBJECT ADDED ENTRY--TOPICAL TERM |
| Topical term or geographic name as entry element |
Psychology. |
| 9 (RLIN) |
59999 |
| 650 ## - SUBJECT ADDED ENTRY--TOPICAL TERM |
| Topical term or geographic name as entry element |
Perception. |
| 9 (RLIN) |
60000 |
| 650 ## - SUBJECT ADDED ENTRY--TOPICAL TERM |
| Topical term or geographic name as entry element |
Femenism. |
| 9 (RLIN) |
60001 |
| 700 ## - ADDED ENTRY--PERSONAL NAME |
| Personal name |
Montgomery, Nicole Votolato. |
| Relator term |
author. |
| 9 (RLIN) |
57546 |
| 700 ## - ADDED ENTRY--PERSONAL NAME |
| Personal name |
Cowen, Amanda P. |
| Relator term |
author. |
| 9 (RLIN) |
57547 |
| 942 ## - ADDED ENTRY ELEMENTS (KOHA) |
| Source of classification or shelving scheme |
Dewey Decimal Classification |
| Koha item type |
Periodicals |